[Event "ODEM U25B 2011"]
[Site "Oberhof GER"]
[Date "2011.06.13"]
[Round "3"]
[White "Jansen, Nina"]
[Black "Polert, Jesper"]
[Result "0-1"]
[Termination "normal"]
[Board "28"]
[WhiteElo "1478"]
[BlackElo "809"]
[PlyCount "120"]
[WhiteFideId "12934500"]
[EventCountry "GER"]
[EventRounds "9"]
[EventType "swiss"]
[EventDate "2011.06.11"]

1. e4 c6 2. Nc3 d5 3. exd5 cxd5 4. d4 Nf6 5. Nf3 Bg4 6. h3 Bh5 7. Be2 e6 8. a3
Be7 9. O-O O-O 10. Bg5 Nc6 11. b4 a6 12. Nh2 Bxe2 13. Nxe2 a5 14. c3 Rc8 15. f3
Qd6 16. Bf4 Qd7 17. Qe1 Nh5 18. Bd2 Bd6 19. Qh4 Nf6 20. Ng4 Be7 21. Nf4 Ne4 22.
Qe1 Nxd2 23. Qxd2 Bg5 24. g3 f5 25. Ne5 Nxe5 26. dxe5 Qc7 27. Qd4 Bxf4 28. gxf4
Qxc3 29. Qxc3 Rxc3 30. Kf2 Rd8 31. Rfc1 axb4 32. axb4 Rxc1 33. Rxc1 d4 34. Ke2
d3+ 35. Kd2 Rd4 36. Rc8+ Kf7 37. Rc7+ Kg6 38. Rxb7 Rxf4 39. Kxd3 Rxf3+ 40. Kd4
Rxh3 41. Rb6 Kf7 42. Rb7+ Kg6 43. Rb6 Rh4+ 44. Kc5 f4 45. Rxe6+ Kf7 46. Rd6 f3
47. Rd2 Rf4 48. Rf2 Ke6 49. b5 Kxe5 50. b6 Rf7 51. Kc6 Ke4 52. b7 Rxb7 53. Kxb7
Ke3 54. Rxf3+ Kxf3 55. Kc7 g5 56. Kd6 g4 57. Ke5 g3 58. Kf5 g2 59. Kg5 g1=Q+
60. Kh5 Kf4 0-1

[Event "ODEM U25B 2011"]
[Site "Oberhof GER"]
[Date "2011.06.13"]
[Round "3"]
[White "Grimm, Tobias"]
[Black "Michalowski, Sophia"]
[Result "1-0"]
[Termination "normal"]
[Board "29"]
[WhiteElo "1439"]
[BlackElo "1014"]
[PlyCount "59"]
[BlackFideId "12902454"]
[EventCountry "GER"]
[EventRounds "9"]
[EventType "swiss"]
[EventDate "2011.06.11"]

1. d4 d5 2. Bf4 Nf6 3. e3 Bf5 4. Nf3 e6 5. c4 c6 6. Qb3 Qb6 7. c5 Qxb3 8. axb3
Be7 9. h3 O-O 10. Nbd2 Na6 11. Bxa6 bxa6 12. O-O Rab8 13. Bxb8 Rxb8 14. Rxa6
Rb7 15. Rxc6 Ne4 16. Rc8+ Bf8 17. Nxe4 Bxe4 18. c6 Re7 19. c7 Bxf3 20. gxf3 g6
21. Rxf8+ Kxf8 22. c8=Q+ Re8 23. Qc5+ Re7 24. Ra1 Kg7 25. Qxe7 a5 26. Rxa5 Kh6
27. h4 f6 28. Qxf6 e5 29. Ra7 exd4 30. Qg5# 1-0

[Event "ODEM U25B 2011"]
[Site "Oberhof GER"]
[Date "2011.06.13"]
[Round "3"]
[White "Nabinger, Annalena"]
[Black "Lilienthal, Niels Bennett"]
[Result "1-0"]
[Termination "normal"]
[Board "30"]
[WhiteElo "1233"]
[BlackElo "853"]
[PlyCount "47"]
[WhiteFideId "12902225"]
[BlackFideId "16205421"]
[EventCountry "GER"]
[EventRounds "9"]
[EventType "swiss"]
[EventDate "2011.06.11"]

1. e4 d6 2. Nf3 Nf6 3. Nc3 g6 4. d4 Bg7 5. Bc4 O-O 6. O-O Nxe4 7. Nxe4 d5 8.
Bd3 dxe4 9. Bxe4 Nd7 10. c3 c5 11. Be3 b5 12. Bxa8 Ba6 13. dxc5 b4 14. Re1 bxc3
15. Bd4 Bxd4 16. Qxd4 cxb2 17. Rab1 Nxc5 18. Qxc5 Qxa8 19. Rxb2 Rc8 20. Qxe7 h5
21. Ng5 Rf8 22. Re6 Bc4 23. Rxg6+ fxg6 24. Qh7# 1-0

[Event "ODEM U25B 2011"]
[Site "Oberhof GER"]
[Date "2011.06.13"]
[Round "3"]
[White "Topf, Robin"]
[Black "Niewrzol, Anton"]
[Result "1-0"]
[Termination "normal"]
[Board "31"]
[WhiteElo "1079"]
[BlackElo "835"]
[PlyCount "89"]
[EventCountry "GER"]
[EventRounds "9"]
[EventType "swiss"]
[EventDate "2011.06.11"]

1. e4 e5 2. Nf3 Nc6 3. d4 d6 4. dxe5 Bg4 5. exd6 Bxd6 6. Nc3 Nf6 7. Bg5 O-O 8.
Bd3 Be5 9. Qd2 Bxf3 10. gxf3 Nd4 11. Qd1 c5 12. Nd5 Qa5+ 13. c3 Nxd5 14. exd5
Rfe8 15. Be3 Bf4 16. Be4 Be5 17. Qd2 Nb5 18. Rc1 b6 19. c4 Qxd2+ 20. Bxd2 Nd6
21. b3 Nxe4 22. fxe4 Bb2 23. Rc2 Rxe4+ 24. Be3 Bd4 25. Kd2 Rae8 26. Re1 g6 27.
Kd3 f5 28. Rce2 28... Kf7 {laut beiden Partieformularen folgte hier Kg7} 29.
Bxd4 Rxe2 30. Rxe2 Rxe2 31. Kxe2 cxd4 32. Kd3 Kf6 33. Kxd4 g5 34. c5 Ke7 35.
cxb6 axb6 36. Ke5 f4 37. a4 f3 38. b4 g4 39. a5 h5 40. a6 h4 41. a7 g3 42. a8=Q
gxf2 43. Qa1 Kf7 44. Kf4 Kg6 45. Kxf3 1-0

[Event "ODEM U25B 2011"]
[Site "Oberhof GER"]
[Date "2011.06.13"]
[Round "3"]
[White "Morio, Estelle"]
[Black "Schumacher, Aaron"]
[Result "1-0"]
[Termination "normal"]
[Board "32"]
[WhiteElo "1012"]
[BlackElo "788"]
[PlyCount "93"]
[WhiteFideId "12951951"]
[EventCountry "GER"]
[EventRounds "9"]
[EventType "swiss"]
[EventDate "2011.06.11"]

1. f4 e6 2. Nf3 d5 3. e3 c5 4. b3 Bd7 5. Bb2 Nf6 6. Be2 Bd6 7. O-O Nc6 8. d3
O-O 9. Nbd2 Qe7 10. Ne5 Be8 11. Ndf3 Rd8 12. Qe1 Bc7 13. d4 Nxe5 14. Nxe5 Bb6
15. Ba3 Ne4 16. Bd3 a6 17. Bxe4 dxe4 18. Rd1 Bb5 19. c4 Bd7 20. dxc5 Rfe8 21.
cxb6 Qxa3 22. Rxd7 f6 23. Qg3 Qf8 24. Rxd8 Rxd8 25. Ng4 f5 26. Nf2 Rd6 27. c5
Rd5 28. b4 Rd2 29. a3 Ra2 30. Nh3 Rxa3 31. Ng5 Qf6 32. Rd1 Ra4 33. Nh3 Rxb4 34.
Nf2 Rb5 35. Nh3 Rxc5 36. Rb1 a5 37. Qe1 a4 38. Qb4 Rc6 39. Qxa4 Rc3 40. Qa8+
Qf8 41. Qxb7 Qc5 42. Qb8+ Qc8 43. Qxc8+ Rxc8 44. b7 Rb8 45. Ng5 h6 46. Nxe6 Kf7
47. Nd4 1-0

[Event "ODEM U25B 2011"]
[Site "Oberhof GER"]
[Date "2011.06.13"]
[Round "3"]
[White "Binner, Jule"]
[Black "Hoffmann, Rasmus"]
[Result "0-1"]
[Termination "normal"]
[Board "33"]
[WhiteElo "831"]
[BlackElo "990"]
[PlyCount "120"]
[WhiteFideId "16205332"]
[EventCountry "GER"]
[EventRounds "9"]
[EventType "swiss"]
[EventDate "2011.06.11"]

1. e4 c5 2. Nc3 d6 3. d3 Nc6 4. g3 g6 5. Bg2 Bg7 6. f4 e6 7. Nge2 Nge7 8. O-O
O-O 9. Bd2 Nd4 10. Nxd4 cxd4 11. Ne2 Rb8 12. c3 dxc3 13. Bxc3 f6 14. Bd4 Nc6
15. Be3 b5 16. Rc1 Bd7 17. Nd4 Nxd4 18. Bxd4 a5 19. a3 b4 20. a4 b3 21. Ra1 Rb4
22. Bc3 Rxa4 23. Rxa4 Bxa4 24. Qa1 Bb5 25. Bxa5 Qd7 26. Rd1 Qa7+ 27. Kh1 Ra8
28. Qa3 Qxa5 29. Qxb3 Bd7 30. e5 d5 31. Qb7 Rd8 32. exf6 Bxf6 33. g4 Kh8 34. g5
Be7 35. Qb3 Ba4 36. Ra1 Bxb3 37. Rxa5 Bd6 38. Rb5 Bc2 39. Rb6 Bxd3 40. Rb3 Bf5
41. Rc3 Bxf4 42. Rf3 Bxg5 43. Rg3 Bf6 44. b4 Rb8 45. Rb3 d4 46. Bf1 e5 47. Kg2
e4 48. Kf2 Bg4 49. Kg3 h5 50. Kf4 e3 51. Rb1 Bf5 52. Rc1 Rxb4 53. Kf3 Bg5 54.
h3 d3 55. Bxd3 Bxd3 56. h4 Rxh4 57. Kg3 e2 58. Kf3 Re4 59. Ra1 e1=Q 60. Rxe1
Rxe1 0-1

[Event "ODEM U25B 2011"]
[Site "Oberhof GER"]
[Date "2011.06.13"]
[Round "3"]
[White "Riehle, Fabio"]
[Black "Maiwald, Lars"]
[Result "0-1"]
[Termination "normal"]
[Board "35"]
[WhiteElo "808"]
[BlackElo "940"]
[PlyCount "152"]
[WhiteFideId "36052140"]
[BlackFideId "12958999"]
[EventCountry "GER"]
[EventRounds "9"]
[EventType "swiss"]
[EventDate "2011.06.11"]

1. e4 c6 2. c4 Nf6 3. Nc3 e6 4. c5 Bxc5 5. d4 Bb4 6. Bd3 d5 7. Qe2 dxe4 8. Bxe4
Qxd4 9. Qe3 Qxe3+ 10. Bxe3 Nxe4 11. O-O-O Bxc3 12. bxc3 Nxc3 13. Rd2 O-O 14.
Bc5 Re8 15. Be7 Nd7 16. Bh4 b5 17. Nf3 c5 18. Rd3 Nxa2+ 19. Kb2 Nb4 20. Rd6 c4
21. Rhd1 Nd3+ 22. Kc3 f6 23. Nd4 b4+ 24. Kxc4 Nb2+ 25. Kxb4 Nxd1 26. Nxe6 Rb8+
27. Kc4 Nb6+ 28. Kc5 Bxe6 29. Rxd1 Rec8+ 30. Kb5 Nd5+ 31. Ka6 Rc2 32. Ra1 Nc3
33. f4 Ra2+ 34. Rxa2 Nxa2 35. h3 Kf7 36. g4 Ke7 37. f5 Bf7 38. g5 Kd6 39. Bg3+
Kd5 40. Bxb8 fxg5 41. Kxa7 h5 42. Kb7 Ke4 43. Bd6 Kxf5 44. Kc6 g4 45. h4 g5 46.
Be7 gxh4 47. Bxh4 Kf4 48. Kc5 g3 49. Kd4 g2 50. Bf2 Kf3 51. Bg1 Nc1 52. Ke5 Ne2
53. Bh2 g1=Q 54. Bxg1 Nxg1 55. Kf5 h4 56. Kg5 h3 57. Kh4 Bd5 58. Kh5 h2 59. Kh4
Kf4 60. Kh5 Kf5 61. Kh4 h1=R+ 62. Kg3 Rh8 63. Kf2 Ba2 64. Kxg1 Re8 65. Kf2 Re4
66. Kf3 Ra4 67. Ke3 Rb4 68. Kd3 Ke5 69. Kc3 Ra4 70. Kb2 Rh4 71. Ka3 Bg8 72. Kb2
Rh3 73. Kc2 Kd4 74. Kb1 Kc3 75. Ka1 Kb3 76. Kb1 Rh1# 0-1

[Event "ODEM U25B 2011"]
[Site "Oberhof GER"]
[Date "2011.06.13"]
[Round "3"]
[White "Kalina, Joshua"]
[Black "Möller, Jared William"]
[Result "0-1"]
[Termination "normal"]
[Board "36"]
[WhiteElo "750"]
[BlackElo "893"]
[PlyCount "102"]
[EventCountry "GER"]
[EventRounds "9"]
[EventType "swiss"]
[EventDate "2011.06.11"]

1. d4 d5 2. Nf3 Nf6 3. e3 Bg4 4. h3 Bh5 5. Bd3 e6 6. Nbd2 Nc6 7. e4 Bb4 8. c3
Ba5 9. O-O e5 10. dxe5 Nxe5 11. exd5 Nxd3 12. Qe2+ Ne5 13. Qxe5+ Qe7 14. Qxe7+
Kxe7 15. Re1+ Kf8 16. b4 Bb6 17. c4 c5 18. dxc6 bxc6 19. c5 Bc7 20. Bb2 Rg8 21.
Ng5 h6 22. Bxf6 gxf6 23. Nh7+ Kg7 24. Nxf6 Kxf6 25. g4 Rg5 26. Ne4+ Kg6 27.
Nxg5 Kxg5 28. gxh5 Kxh5 29. Re2 Rg8+ 30. Kf1 Bh2 31. Ree1 f5 32. f4 Bxf4 33.
Kf2 Rg3 34. Rg1 Rxh3 35. Rg2 Be3+ 36. Kf1 Rh1+ 37. Ke2 Rxa1 38. Kxe3 Re1+ 39.
Kf4 Rf1+ 40. Ke5 f4 41. Kf5 Kh4 42. Ke4 f3 43. Rg8 f2 44. Kf4 Rg1 45. Rh8 f1=Q+
46. Ke4 Qe1+ 47. Kf4 Qxb4+ 48. Kf3 Qc3+ 49. Kf4 Qxh8 50. Ke4 Re1+ 51. Kf4 Qf8#
0-1